Statistics for Country with Island Subdivision

Click here to take the quiz!

General Stats

  • This quiz has been taken 62 times
  • The average score is 22 of 28

Answer Stats

Island SubdivisionsCountry% Correct
Balearic Islands, Canary IslandsSpain
100%
Corsica, Saint Pierre and Miquelon, Guadeloupe, Martinique, Saint Martin, Saint Barthélemy, Mayotte, Réunion, New Caledonia, Wallis and Futuna, French PolynesiaFrance
96%
Aruba, Bonaire, Curaçao, Saba, Sint Eustatius, Sint MaartenNetherlands
96%
Hawaii, Northern Mariana Islands, Guam, American Samoa, Puerto Rico, US Virgin IslandsUnited States
96%
Tasmania, Norfolk Island, Christmas Island, Cocos (Keeling) IslandsAustralia
94%
Sjælland, Hovedstaden, Faroe Islands, GreenlandDenmark
94%
GalápagosEcuador
94%
Åland IslandsFinland
94%
Crete, Ionians Islands, North Aegean, South AegeanGreece
94%
Sardinia, SicilyItaly
94%
Azores, MadeiraPortugal
94%
Andaman and Nicobar Islands, LakshadweepIndia
92%
Prince Edward IslandCanada
90%
HainanChina
90%
SakhalinRussia
90%
SvalbardNorway
88%
PhuketThailand
88%
GotlandSweden
84%
JejuSouth Korea
80%
SocotraYemen
78%
Sarawak, Sabah, LabuanMalaysia
61%
Hiiu, SaareEstonia
53%
San Andrés, Providencia and Santa CatalinaColombia
49%
Bioko Norte, Bioko Sud, AnnobónEquatorial Guinea
45%
Nueva Esparta, Federal DependenciesVenezuela
41%
Pemba North, Pemba South, Mjini Magharibi, Unjuga North, Unjuga SouthTanzania
39%
Bay IslandsHonduras
24%
Buvuma, KalangalaUganda
20%

Score Distribution

Percentile by Number Answered

Percent of People with Each Score

Your Score History

You have not taken this quiz